Office space across the world (Record no. 110487)

MARC details
000 -LEADER
fixed length control field 01600cad a22002295a 4500
001 - CONTROL NUMBER
control field L149404
008 - FIXED-LENGTH DATA ELEMENTS--GENERAL INFORMATION
fixed length control field 100303s2010 xxkad f s 000 0 eng d
035 ## - SYSTEM CONTROL NUMBER
System control number (Sirsi) u149404
041 0# - LANGUAGE CODE
Language code of text/sound track or separate title eng
050 04 - LIBRARY OF CONGRESS CALL NUMBER
Classification number 333.33 $2 18
110 2# - MAIN ENTRY--CORPORATE NAME
Corporate name or jurisdiction name as entry element Cushman and Wakefield
9 (RLIN) 244
245 00 - TITLE STATEMENT
Title Office space across the world
Remainder of title 2010
Medium [electronic resource]
260 ## - PUBLICATION, DISTRIBUTION, ETC.
Place of publication, distribution, etc. London
Name of publisher, distributor, etc. Cushman and Wakefield
Date of publication, distribution, etc. 2010
490 #0 - SERIES STATEMENT
Series statement Office Space Across the World
Volume/sequential designation 2010
520 ## - SUMMARY, ETC.
Summary, etc. Office demand fell steeply across the world in 2009 with prime rents in decline in every region. A more positive outlook for 2010 sees some major economies returning to growth, demand for office space from corporates likely to increase again and rental growth already being recorded in some leading office markets such as the City of London and Oslo Central Business District. Tokyo has become the world?s most expensive office location followed by London?s West End. Provides overviews of each world region and country summaries, lists the most expensive location in each country and global location ranking.
590 ## - LOCAL NOTE (RLIN)
Local note KA NTK
650 24 - SUBJECT ADDED ENTRY--TOPICAL TERM
Topical term or geographic name entry element CUSHMAN AND WAKEFIELD OFFICE SPACE ACROSS THE WORLD
651 #4 - SUBJECT ADDED ENTRY--GEOGRAPHIC NAME
Geographic name International
690 ## - LOCAL SUBJECT ADDED ENTRY--TOPICAL TERM (OCLC, RLIN)
Topical term or geographic name as entry element PROPERTY-COMMERCIAL PROPERTY-OFFICE PROPERTY-OFFICE PROPERTY MARKET
856 40 - ELECTRONIC LOCATION AND ACCESS
Uniform Resource Identifier <a href="https://www.cushwake.com/cwglobal/docviewer/Office-Space-Around-The-World-2010.pdf?id=c32800008p&repositoryKey=CoreRepository&itemDesc=document&cid=c27900002p&crep=Core&cdesc=binaryPubContent&Country=GLOBAL&Language=EN">https://www.cushwake.com/cwglobal/docviewer/Office-Space-Around-The-World-2010.pdf?id=c32800008p&repositoryKey=CoreRepository&itemDesc=document&cid=c27900002p&crep=Core&cdesc=binaryPubContent&Country=GLOBAL&Language=EN</a>
Public note View this report free of charge after registration at www.cushmanwakefield.com...
942 ## - ADDED ENTRY ELEMENTS (KOHA)
Suppress in OPAC 0
Holdings
Withdrawn status Lost status Source of classification or shelving scheme Damaged status Not for loan Home library Current library Shelving location Date acquired Total Checkouts Full call number Barcode Date last seen Copy number Price effective from Koha item type
    Dewey Decimal Classification     Virtual Virtual Online 03/03/2010   ONLINE PUBLICATION 149404-2001 06/08/2019 1 06/08/2019 Book